Výdavky na osobnú potrebu
Pojem "osobná potreba" nie je priamo definovaný v žiadnom platnom právnom predpise. V princípe však možno konštatovať, že ide o výdavky, ktoré nie sú vynaložené v súvislosti s dosiahnutím, zabezpečením a udržaním zdaniteľných príjmov podnikateľa. Ide o výdavky, ktoré podnikateľ vynaloží k tomu, aby...
Salvato in:
| Autore principale: | |
|---|---|
| Natura: | Capitolo di libro |
| Lingua: | slovacco |
| Soggetti: | |
| Tags: |
Nessun Tag, puoi essere il primo ad aggiungerne!!
|
MARC
| LEADER | 00000naa a2200000 4500 | ||
|---|---|---|---|
| 001 | 0305177 | ||
| 005 | 20241119091147.0 | ||
| 041 | 0 | |a slo | |
| 044 | |a SK | ||
| 245 | 1 | 0 | |a Výdavky na osobnú potrebu |c Ján Mintál |
| 520 | |a Pojem "osobná potreba" nie je priamo definovaný v žiadnom platnom právnom predpise. V princípe však možno konštatovať, že ide o výdavky, ktoré nie sú vynaložené v súvislosti s dosiahnutím, zabezpečením a udržaním zdaniteľných príjmov podnikateľa. Ide o výdavky, ktoré podnikateľ vynaloží k tomu, aby si prostredníctvom nich pokryl výlučne svoje súkromné, teda mimo podnikateľské záujmy a potreby. | ||
| 610 | 2 | 0 | |a výdavky |
| 610 | 2 | 0 | |a potreby osobné |
| 610 | 2 | 0 | |a príjmy |
| 610 | 2 | 0 | |a dane |
| 610 | 2 | 0 | |a podnikatelia |
| 610 | 2 | 0 | |a účtovníctvo |
| 610 | 2 | 0 | |a výdavky daňové |
| 610 | 2 | 0 | |a predpisy právne |
| 100 | 1 | |a Mintál, Ján | |